<The> Identification of Capital Transfers in the Balance of Payments

Gespeichert in:
Bibliographische Detailangaben
1. Verfasser: Bame, Jack
Format: Buch
Sprache:Englisch
Veröffentlicht: Washington International Monetary Fund 1995
Ausgabe:1. ed.
Schriftenreihe:IMF Working Paper 93
Schlagworte:
Tags: Tag hinzufügen
Keine Tags, Fügen Sie das erste Tag hinzu!

MARC

LEADER 00000nam a2200000 4500
001 c016106
005 20221205133107.9
041 0 |a eng 
044 |a US 
245 1 0 |a <The> Identification of Capital Transfers in the Balance of Payments  |c Jack Bame 
250 |a 1. ed. 
264 1 |a Washington  |b International Monetary Fund  |c 1995 
300 |a 16 s. 
490 1 |a IMF Working Paper  |v 93 
830 0 |a IMF Working Paper  |v 93 
610 2 0 |a bilancia platobná 
610 2 0 |a prevod kapitálu 
610 2 0 |a pohyb kapitálu 
610 2 0 |a styk platobný medzinárodný 
610 2 0 |a investície 
100 1 |a Bame, Jack